00915nam a2200217 i 450000100060000000300090000600500170001500700030003200800410003510000510007624501210012726000420024830000320029049000330032260000770035570000530043283000410048585200320052699900170055895201220057543560ES-MaACL20251114105614.0t|030318s1967 sp ||||1| spa d1 aCastroviejo, José María,d1909-198393699314aEl Conde de Gondomar, un azor entre ocasos / cJosé María Castroviejo, Francisco de P. Fernández de Córdoba. aMadrid : bPrensa Española, c1967. a248 p., 6 lám. ; c21 cm.1 aColección "Los Tres Dados"17aGondomar, Diego Sarmiento de Acuña, cConde de, d1567-1626291273811 aFernández de Córdoba, Francisco de P.9496510 aColección "Los Tres Dados"9181995 aES-MaACLjC-32729 bR.63590 c43560d43560 00104070aATENEOMbATENEOMcDEPO2d2008-01-17eSCl0oC-32729p1045855r2023-02-23 00:00:00w2023-02-23yMONOGRAFIA